| 000 | 01506cad a22002535a 4500 | ||
|---|---|---|---|
| 001 | L142724 | ||
| 008 | 080304e20080228xxkd f 000 0 eng d | ||
| 020 | _a9781847811424 | ||
| 035 | _a(Sirsi) u142724 | ||
| 041 | 0 | _aeng | |
| 050 | 0 | 4 | _a332.6324 $2 18 |
| 100 | 1 | _aDaly, Jacqui | |
| 245 | 0 | 0 |
_aOvercoming barriers to institutional investment in residential property _h[electronic resource] |
| 260 |
_aLondon _bBPF _c2008 |
||
| 490 | 0 |
_aGLA Economics Working Paper _v(29) |
|
| 520 | _aConsiders ways in which new rental-only homes adhering to planning guidance could lower house prices. This could help drive up investment in the residential sector. Outlines this, and other reasons why investment from large institutions is appealing to policy makers. Economies of scale can be accessed and stable income returns harnessed. Considers the barriers to be overcome in involving such institutions in housing development. These include relatively low income and the relative uncertainty of the income. Considers possible solutions to this, including the structuring of housing investment as a commercial investment the establishment of a build to let sector. | ||
| 521 | 2 | _aAdvanced | |
| 590 | _aKA NTK | ||
| 651 | 4 |
_aUnited Kingdom _y |
|
| 690 | _aPROPERTY-RESIDENTIAL PROPERTY-RESIDENTIAL PROPERTY FINANCE AND INVESTMENT | ||
| 710 | 2 |
_aSavills _92020 |
|
| 856 | 4 | 1 |
_uhttps://www.reita.org/live/Knowledge_centre/lib_property_UK.html?37 _zView the item free of charge at www.reita.org... |
| 942 | _n0 | ||
| 999 |
_c107951 _d107951 |
||